LEADER 00910cam2 22002531 450 001 SOBE00046327 005 20150608092740.0 100 $a20150317d1838 |||||ita|0103 ba 101 $aita 102 $aIT 200 0 $a1$fdi Melchiorre Gioja 205 $a5. edizione corretta ed addresciuta 210 $aItalia$c[s.e.]$d1838 215 $a288 p.$d17 cm 461 1$1001SOBE00046326$12001 $aNuovo galateo / di Melchiorre Gioja 801 0$aIT$bBEM$c20150608$gRICA 850 $aBEM 852 $aBEM$j1$m00067 912 $aSOBE00046327 940 $aM 102 Monografia moderna SBN 941 $aW 957 $xLibrerie|Verdi$a1$b055$i-1$gNO$cLV$d00067$hLibrerieVerdi$rdono$tD$1tcalvano$2BEM$3BEM$420150317111100.0$520150608092740.0$6tcalvano$fEx inventario 8909. Rilegato con: Nuovo galateo di Melchiorre Gioja v. 2. Nuovo galateo di Melchiorre Gioja v. 3.: appendici 996 $a1$961339 997 $aUNISOB LEADER 01277nam0 22003131i 450 001 UON00287534 005 20231205103907.612 100 $a20070201d1969 |0itac50 ba 101 $aeng 102 $aGB 105 $a||||e ||||| 200 1 $aˆA ‰concise Anglo-Saxon dictionary$fby John R. Clark Hall 205 $a4th ed.$bwith a supplement by Herbert D. Meritt 210 $aCambridge$cAt the University Press$d1960$erist. 1969 215 $axv, 432, [20] p.$d23 cm. 606 $aDizionari$3UONC025592$2FI 606 $aDIZIONARI INGLESI$3UONC037401$2FI 606 $aLingua anglosassone$x450-1100$xDizionari tedeschi$3UONC061643$2FI 620 $dCambridge$3UONL000022 676 $a429.321$cLingua anglosassone. Dizionari inglesi$v21 700 1$aHALL$bJohn R. Clark$3UONV165895$0163551 702 1$aMERITT$bHerbert Dean$3UONV165896 712 $aCambridge University Press$3UONV245943$4650 801 $aIT$bSOL$c20250620$gRICA 899 $aSIBA - SISTEMA BIBLIOTECARIO DI ATENEO$2UONSI 912 $aUON00287534 950 $aSIBA - SISTEMA BIBLIOTECARIO DI ATENEO$dSI S.C V DIZ 84 $eSI FG 1266 7 84 996 $aConcise Anglo-saxon dictionary$9934844 997 $aUNIOR